00234nam a2200097Ia 4500008004100000100002200041245002700063260002200090942000700112999001700119190216s9999||||xx |||||||||||||| ||und|| aSreedaran Moosath 0aVyavasayika Layakangal bKerala Basha Inst cBK c39062d39062